000 00686nam a22002417a 4500
008 151230b xxu||||| |||| 00| 0 eng d
020 _a9780073525617 (alk. paper)
020 _a0073525618 (alk. paper)
020 _a9780077350031 (hbk.)
020 _a0077350030 (hbk.)
041 0 _aeng
080 _a611
245 0 0 _aSeeley's anatomy & physiology /
_cRod Seeley ... [et al.].
246 3 _aSeeley's anatomy and physiology
250 _a9th ed.
260 _aNew York, NY :
_bMcGraw-Hill,
_cc2011.
300 _axxvi, 1110, [128] f. :
_bme il.;
_c29 cm.
650 0 _aAnatomia
650 0 _aFiziologjia
650 0 _aNjeriu
700 1 _aSeeley, Rod R.
942 _2udc
_cBK
999 _c1407
_d1407